| 000 | 00960cab a2200313 4500 | ||
|---|---|---|---|
| 001 | ABS60085 | ||
| 008 | 090401t1999 xxu||||| |||| 00| 0 eng d | ||
| 035 | _a(Sirsi) u91361 | ||
| 041 | _aeng | ||
| 100 | _aWatson, K. | ||
| 245 | _aAll things to all people | ||
| 260 | _c1999 | ||
| 350 | _a0 | ||
| 490 |
_aContract Journal _v397(6212) 10 February 1999, 14-16(3) |
||
| 520 | _aOutlines the key features of partnering and the main problems which have arisen since its beginnings. Provides advice for companies interested in partnering and an overview of several companies who have already undertaken partnership agreements. | ||
| 650 | _aBAA | ||
| 650 | _aBOVIS | ||
| 650 | _aBP | ||
| 650 | _aCONTRACTORS | ||
| 650 | _aDAVID MCLEAN | ||
| 650 | _aJ SAINSBURY | ||
| 650 | _aPARTNERING | ||
| 650 | _aROVER | ||
| 650 | _aSDC | ||
| 650 | _aSHELL | ||
| 690 | _aBUILT ENVIRONMENT-BUILDING CONTRACT FORMS | ||
| 942 | _n0 | ||
| 948 | _c17/02/1999 | ||
| 999 |
_c57985 _d57985 |
||